000
00312nam a22001337a 4500
008
170825b xxu||||| |||| 00| 0 eng d
020
_a
103043129012008076922601
041
_a
eng
080
_a
070
100
_a
40
101
_a
MED
245
_a
MEDIA CULTURAL MEDIA STUDIES
_c
NOBLE..G
942
_2
udc
_c
BK
999
_c
25001
_d
25001